| 000 | 00703nam a2200193 i 4500 | ||
|---|---|---|---|
| 001 | 79387 | ||
| 003 | ES-MaACL | ||
| 005 | 20230906173951.0 | ||
| 007 | t| | ||
| 008 | 041021s1952 sp ||||1| spa d | ||
| 100 | 1 |
_aHernández, Anselmo. _962786 |
|
| 245 | 1 | 0 |
_aVaciamiento quirúrgico de los senos paranasales o etmoido-esfenectomía y frontotomía transmaxilar / _cpor Anselmo Hernández ; prólogo de Guillermo Núñez y de Juan Manuel Tato. |
| 260 |
_aMadrid : _bR.A.D.A.R., _c1952 ( _fSelecciones Gráficas) |
||
| 300 |
_a166 p. : _bil. ; _c24 cm. |
||
| 700 | 1 |
_aNúñez, Guillermo. _986153 |
|
| 700 | 1 |
_aTato, Juan Manuel. _9208910 |
|
| 852 |
_aES-MaACL _jD-8460 _bR.33072 |
||
| 999 |
_c79387 _d79387 |
||